• 首页
  • 本馆介绍
  • 公告通知
  • 最新文献
  • 馆藏检索
  • 电子资源
  • 读者导购
  • 参考咨询
  • 我的图书馆
  • 登录
  • 详细信息显示
  • 放入我的书架
  • 预约/预借图书
  • 作者相关作品
  • 分类相关作品
  • 丛书相关作品
  • 出版社相关作品

书目信息

  • 表格格式
  • 工作单格式
  • 卡片格式
题名:
复变函数与积分变换同步学习指导
    
 
作者: 包革军 编著 ;哈尔滨工业大学数学系 编著
分册:  
出版信息: 北京   科学出版社  2014.06
页数: 328页
开本: 24cm
丛书名: 普通高等教育“十二五”规划教材 哈尔滨工业大学数学教学丛书 复变函数与积分变换系列教材
单 册:
中图分类: O174.5 , O177.6
科图分类:
主题词: 复变函数--高等学校--教学参考资料 , 积分变换--高等学校--教学参考资料
电子资源:
ISBN: 978-7-03-041218-8
000 01535nam0 2200313 450
001 3068
001 01CN09987436@CSLN
005 20161207151006.73
010    @a978-7-03-041218-8@dCNY35.00
100    @a20140721d2014 em y0chiy50 ea
101 0  @achi
102    @aCN@b110000
105    @ay z 000yy
200 1  @a复变函数与积分变换同步学习指导@9fu bian han shu yu ji fen bian huan tong bu xue xi zhi dao@f哈尔滨工业大学数学系,包革军等编著
205    @a2版
210    @a北京@c科学出版社@d2014.06
215    @a328页@d24cm
225 2  @a普通高等教育“十二五”规划教材 哈尔滨工业大学数学教学丛书 复变函数与积分变换系列教材@9pu tong gao deng jiao yu shi er wu gui hua jiao cai ha er bin gong ye da xue shu xue jiao xue cong shu fu bian han shu yu ji fen bian huan xi lie jiao cai
330    @a主要内容是在复变函数与积分变换的基本理论基础上,对所涉及内容以对应各章为单元通过总结,提炼为小结。对复变函数与积分变换的典型题目作分析解答,选题内容符合国家教委对复变函数与积分变换的基本要求。力求照顾到各种类型以及解题的多样性
333    @a工科大学本科生、教师科、研人员
461  0 @12001 @a普通高等教育“十二五”规划教材 哈尔滨工业大学数学教学丛书 复变函数与积分变换系列教材
606 0  @a复变函数@x高等学校@j教学参考资料
606 0  @a积分变换@x高等学校@j教学参考资料
690    @aO174.5@v4
690    @aO177.6@v4
701  0 @a包革军@9bao ge jun@4编著
711 02 @a哈尔滨工业大学数学系@9ha er bin gong ye da xue shu xue xi@4编著
801  0 @aCN@b大连网信软件有限公司图书馆·11@c20161207
905    @aZUCC@dO174.5@e212=2
    
    复变函数与积分变换同步学习指导/哈尔滨工业大学数学系,包革军等编著.-2版.-北京:科学出版社,2014.06
    328页;24cm.-(普通高等教育“十二五”规划教材 哈尔滨工业大学数学教学丛书 复变函数与积分变换系列教材)
    使用对象:工科大学本科生、教师科、研人员
    
    ISBN 978-7-03-041218-8:CNY35.00
    主要内容是在复变函数与积分变换的基本理论基础上,对所涉及内容以对应各章为单元通过总结,提炼为小结。对复变函数与积分变换的典型题目作分析解答,选题内容符合国家教委对复变函数与积分变换的基本要求。力求照顾到各种类型以及解题的多样性
●
相关链接 在E读中查询图书 在五车中查询图书 在当当中查询图书 在豆瓣中查询图书


正题名:复变函数与积分变换同步学习指导     索取号:O174.5/212=2         预约/预借

序号 登录号 条形码 馆藏地/架位号 状态 备注
1 912928   209129281   第二样本阅览室/ [索取号:O174.5/212=2] 在馆    
2 912929   209129290   第三借阅区/ [索取号:O174.5/212=2] 在馆    
3 912930   209129307   第三借阅区/ [索取号:O174.5/212=2] 在馆    
唐山师范学院图书馆 欢迎您!
大连网信软件有限公司© 版权所有